| 000 | 00420nam a2200157Ia 4500 | ||
|---|---|---|---|
| 008 | 130318s9999 xx 000 0 und d | ||
| 020 | _a8173662266 | ||
| 082 | _a005.133VB GRU/C | ||
| 100 | _aGrundgeiger, Dave | ||
| 245 | _aCDO and MAPI programming with Visual Basic | ||
| 260 |
_bOreilly/Shroff Publishers and Distributors _aMumbai _c2000 |
||
| 300 | _a361 | ||
| 650 | _aCDO | ||
| 650 | _aMAPI | ||
| 650 | _aVISUAL BASIC | ||
| 999 |
_c135 _d135 |
||